On This Day: August 24th Quiz Stats

 Plays Quiz Updated Aug 24, 2017

Support Sporcle.
Go Orange.
Score 0/7 Timer 03:00
3 Plays Today
Question Answer Wrong Answers
The International Astronomical Union (IAU) redefines the term ‘planet’ such that Pluto is now considered a ______ planet.
2006
Dwarf
88.3%
Mini
2.9%
Ice
1%
Satellite
3.7%
President Dwight Eisenhower signs an act which outlaws this political party.
1954
Communist Party
88.2%
Libertarian Party
3%
Justice Party
1.2%
Prohibition Party
5.8%
This consumer-oriented operating system, developed by Microsoft, is released to the public in North America.
1995
Windows 95
78.3%
MS-DOS
13.8%
Linux
3.4%
BeOS
0.6%
This man resigned as head of the USSR Communist Party.
1991
Mikhail Gorbachev
74.5%
Boris Yeltsin
13.8%
Vladimir Putin
2.9%
Leonid Brezhnev
5.4%
This man patents the motion picture camera.
1891
Thomas Edison
70.7%
Nikola Tesla
7%
Michael Faraday
7.8%
Hiram Maxim
13.5%
This American baseball player, who holds the record for consecutive games played, is born.
1960
Cal Ripken, Jr.
70.2%
Derek Jeter
15.6%
Rickey Henderson
6.4%
Eddie Murray
5.1%
The Treaty of ______ is signed in what is now in Veracruz, Mexico, concluding the Mexican War of Independence from Spain.
1821
Córdoba
29.3%
Guadalajara
39.8%
Monterrey
22.3%
Mérida
8.4%

From the Vault

Wrong Colors: Mario Characters

by gamelord2007

Gaming 3m
He's a plumber who smashes bricks and eats mushrooms to get superpowers. Seeing the wrong color is probably the least of his problems.
Remove Ads.
Support Sporcle.
Get the best of Sporcle when you Go Orange. This ad-free experience offers more features, more stats, and more fun while also helping to support Sporcle. Thank you for becoming a member.

Show Comments

Extras

Top Quizzes Today


Score Distribution

Your Account Isn't Verified!

In order to create a playlist on Sporcle, you need to verify the email address you used during registration. Go to your Sporcle Settings to finish the process.

Report this User

Report this user for behavior that violates our Community Guidelines.

Details: